| 000 | 00654cam a2200229 i 4500 | ||
|---|---|---|---|
| 001 | 2266394 | ||
| 005 | 20180226032635.0 | ||
| 008 | 780926s1979 nju b 001 0 eng | ||
| 010 | _a 78070291 | ||
| 020 |
_a0691076065. _a0691021856 |
||
| 040 |
_aDLC _cDLC _dDLC |
||
| 041 | _aeng | ||
| 043 | _as-bl--- | ||
| 080 | _a332.0410981 EVA | ||
| 082 | 0 | 0 | _a332.0410981 EVA |
| 100 | 1 | _a19 | |
| 101 | _aPOL | ||
| 245 | 1 | 0 |
_aDependent development : _cby Peter Evans. |
| 504 | _aBibliography: p. [331]-351. | ||
| 906 |
_a7 _bcbc _corignew _d1 _eopcn _f19 _gy-gencatlg |
||
| 942 |
_2ddc _cBK |
||
| 999 |
_c43387 _d43387 |
||